000
00269nam a2200097 a 4500
005
20201002050010.0
008
150216s2011 000 spa d
245
3
_a
Lo Mejor de mi Alma Latina :.
260
_a
Santo Domingo, República Dominicana,
_c
2011.
999
_c
44733
_d
44733
040
_a
DO-SdBNP